Normal view
MARC view
Entry Personal Name
001 - CONTROL NUMBER
- control field: 1237829
003 - CONTROL NUMBER IDENTIFIER
- control field: OSt
005 - DATE AND TIME OF LATEST TRANSACTION
- control field: 20260430150542.0
008 - FIXED-LENGTH DATA ELEMENTS
- fixed length control field: 260430|| aca||aabn | a|a d
040 ## - CATALOGING SOURCE
- Original cataloging agency: OSt
- Transcribing agency: OSt
100 ## - HEADING--PERSONAL NAME
- Personal name: Yadav Vipul Au.; Naorem Aruna Gu
670 ## - SOURCE DATA FOUND
- Source citation: Work cat.: (OSt)1850058: Yadav Vipul Au.; Naorem Aruna Gu., Elucidating the Function of Pina, a Parvulin PPIase, in Dictyostelium Discoideum using Gene Deletion and Mutant Studies, 2024
